000 00464cam a2200193 4500
001 D6584
008 090401t1980 xxu||||| |||| 00| 0 eng d
035 _a(Sirsi) u94066
041 _aeng
050 _a692.5
100 _aWheatley, N.R (ed)
245 _aLaxton`s building price book 1981
250 _a153rd
260 _aEast Grinstead
_bKelly`s Directories Ltd
_c1980
300 _axxix. 759p. 22cm
350 _a0
942 _n0
948 _c04/03/1997
999 _c97891
_d97891